Software desing methodology (Record no. 943)

MARC details
000 -LEADER
Fixed length control field 00350nam a2200145 4500
003 - CONTROL NUMBER IDENTIFIER
Control field SEACOMEC
005 - DATE AND TIME OF LATEST TRANSACTION
Control field 20240429134534.0
008 - FIXED-LENGTH DATA ELEMENTS--GENERAL INFORMATION
Fixed length control field 240429b |||||||| |||| 00| 0 eng d
040 ## - CATALOGING SOURCE
Original cataloging agency SEACOMEC
082 ## - DEWEY DECIMAL CLASSIFICATION NUMBER
Classification number 005.12
Book Number Z63
100 ## - MAIN ENTRY--PERSONAL NAME
Personal name Zhu, Hong
245 ## - TITLE STATEMENT
Title Software desing methodology
Statement of responsibility Hong Zhu
260 ## - IMPRINT
Place of publication New Delhi
Name of publisher Elsevier
Date of publication 2006
942 ## - ADDED ENTRY ELEMENTS (KOHA)
Koha item type Books
Holdings
Withdrawn status Lost status Source of classification Damaged status Not for loan Home library Current library Date acquired Total Checkouts Call number Accession number Date last seen Price effective from Koha item type
    Dewey Decimal Classification     SEACOM ENGINEERING COLLEGE SEACOM ENGINEERING COLLEGE 29/04/2024   005.12 Z63 5192 29/04/2024 29/04/2024 Books
© Seacom Engineering College, All rights reserved.      Powered by Koha